再次聆听大洋两岸的共呜 : 回顾跨越太平洋的文化科学交流

Salvato in:
Dettagli Bibliografici
Autore principale: Li Yao Se (李约瑟)
Natura: Libro
Pubblicazione: Global Publishing Co 1991
Tags: Aggiungi Tag
Nessun Tag, puoi essere il primo ad aggiungerne! !
Thư viện lưu trữ: Mạng thư viện Đại học Đà Nẵng
LEADER 00596nam a2200229 a 4500
001 000029044
003 24377
005 20171030145630.0
008 171030s1991
040 |a LTT 
082 0 |a 306  |b LI-S 
100 1 |a Li Yao Se (李约瑟) 
245 0 0 |a 再次聆听大洋两岸的共呜 : 回顾跨越太平洋的文化科学交流  |c 李约瑟. 
260 |b Global Publishing Co  |c 1991 
500 |a VSVN 
OWN |a LTT 
999 |a From the UDN01 
TYP |a Monograph 
TYP |a Printed language 
980 |a Mạng thư viện Đại học Đà Nẵng